| 000 | 004040000a22001210004500 | ||
|---|---|---|---|
| 090 |
_aAR _b04215 |
||
| 245 | 1 | 0 | _aRelaciones taxonómicas de los Phanaeina (Coleoptera, Scarabaeinae) y sus implicancias biogeográficas (resumen) |
| 041 | 0 | _aEspañol | |
| 500 | _a<Literatura de escarabajos coprófagos> | ||
| 100 | 1 |
_aZunino, Mario _998105 |
|
| 942 | _cARTICULO | ||
| 773 | 1 |
_tRev. Per. Ent. _h1 _q21-23 _d1983 _g26 |
|
| 999 |
_c13312 _d13312 |
||